01954nam a22003011a 450000100100000000500170001000800410002702000270006802000270009502000270012204100080014908200210015711001470017824502230032525000220054830000190057049000940058950001490068350501870083260000540101960000620107370000520113526400390118799900150122695201370124195201370137895201370151500005285720200120222739.0130211s1993 ck gr 000 0dspa d a9586431614 (volumen 1) a9586431622 (volumen 2) a9586431630 (volumen 3)0 aspa04a013.897bF852212 aFundación para la Conmemoración del Bicentenario del Natalicio y el Sesquicentenario de la muerte del General Francisco de Paula Santander10aSantander y los libros /cFundación para la Conmemoración del Bicentenario del Natalicio y el Sesquicentenario de la muerte del General Francisco de Paula Santander ; Luis Horacio López Domínguez ...[y otros ]. aPrimera edición a3 volúmenes.0 aBiblioteca de la Presidencia de la RepúblicaaAdministración César Gaviria Trujillo aEj.1 de Biblioparque Funza : colección proveniente de la antigua Biblioteca Municipal de Funza, Centro Cultural Bacatá, Funza (Cundinamarca)0 gv.1 :tEl archivo Santandergv.2 :tPerfil biográfico y catálogo de la biblioteca del general Santandergv.3 :tCatálogo documental y bibliográfico sobre Santander, 1820-199314aSantander, Francisco de Paulad1792-1840vFuentes14aSantander, Francisco de Paulad1792-1840vBibliografías1 aLópez Domínguez, Luis Horacio,ecompilador. 1aBogotá :bLa Fundación,c1993. c3626d3626 00102ddc40708GENaBPMOSbBPMOSd2020-01-20i102748l0o013.897 F85pMOS003231r2021-08-17tv.1 ej.1w2020-01-20yBKzOcho días 00102ddc40708GENaBPMOSbBPMOSd2020-01-20i102749l0o013.897 F85pMOS003232r2020-01-20tv.2 ej.1w2020-01-20yBKzOcho días 00102ddc40708GENaBPMOSbBPMOSd2020-01-20i102750l0o013.897 F85pMOS003233r2020-01-20tv.3 ej.1w2020-01-20yBKzOcho días